|
|
|
|
| LEADER |
01115nam a2200265 u 4500 |
| 001 |
10119163 |
| 003 |
upatras |
| 005 |
20210117205738.0 |
| 008 |
160219m1966 ge ger |
| 040 |
|
|
|a GR-PaULI
|c GR-PaULI
|
| 041 |
0 |
|
|a ger
|
| 082 |
0 |
4 |
|a 624.171
|
| 100 |
1 |
|
|a Burgermeister, Gustav
|4 aut
|9 148961
|
| 245 |
1 |
0 |
|a Stabilitatstheorie mit Erlauterungen zu den Knick- und Beulvorschriften
|c Gustav Burgermeister, Herbert Steup
|
| 260 |
|
|
|a Berlin
|b Akademie Verlag
|c 1966
|
| 300 |
|
|
|a 1 τ.
|c 24 εκ.
|
| 504 |
|
|
|a Περιλαμβάνει βιβλιογραφία και ευρετήριο
|
| 505 |
0 |
|
|a τ.1. - xv, 486 σ. - 1966 --
|
| 650 |
|
4 |
|a Δομική ανάλυση (Μηχανική)
|9 392
|
| 700 |
1 |
|
|a Steup, Herbert
|4 aut
|9 148962
|
| 852 |
|
|
|a GR-PaULI
|b ΠΑΤΡΑ
|b ΒΚΠ
|b ΒΣ1
|k ΑΣΧΞ
|h 624.171 BUR
|m 064291
|p 025000104583
|t 1
|3 τ.1
|
| 942 |
|
|
|2 ddc
|c BK15
|
| 952 |
|
|
|0 0
|1 0
|3 τ.1
|4 0
|6 624_171000000000000_BUR
|7 0
|9 189338
|a LISP
|b LISP
|c BSC
|d 2016-04-24
|i 064291
|l 0
|o 624.171 BUR
|p 025000104583
|r 2016-04-24 00:00:00
|t 1
|w 2016-04-24
|y BK15
|
| 998 |
|
|
|c ΜΠΟΥΡΑΣ
|d 2016-02
|
| 999 |
|
|
|c 116638
|d 116638
|